[Event "PRO League Group Stage"]
[Site "masterchessopen.com chess.com INT"]
[Date "2017.02.11"]
[Round "5"]
[White "Khachiyan,M"]
[Black "Feuerstack,A"]
[Result "1-0"]
[WhiteElo "2530"]
[BlackElo "2449"]

1.Nf3 d5 2.g3 c6 3.Bg2 Bf5 4.O-O e6 5.c4 Nf6 6.Qb3 Qb6 7.d3 Nbd7 8.Nc3 Be7
9.Be3 dxc4 10.Qxc4 Qb4 11.Qxb4 Bxb4 12.a3 Be7 13.b4 O-O 14.Nh4 Bg4 15.h3 Bh5
16.g4 Bg6 17.Nxg6 hxg6 18.b5 Nd5 19.bxc6 Nxc3 20.cxd7 Rad8 21.Bf3 Rxd7 22.Rfc1
Nb5 23.a4 Nd4 24.Bxd4 Rxd4 25.Rc7 Bd6 26.Rxb7 a5 27.Ra7 Bb4 28.Rc1 Ba3 29.Rc4
Rxc4 30.dxc4 Bb4 31.Rc7 Rd8 32.c5 Kf8 33.c6 Ke8 34.Rb7 Rd1+ 35.Kg2 Rc1 36.Be4
Kf8 37.c7 Ke8 38.Bd3 Kd7 39.Bb5+ Kc8 40.Ba6 Kd7 41.c8=Q+ Kxc8 42.Rxb4+ {#r}
1-0

[Event "PRO League Group Stage"]
[Site "masterchessopen.com chess.com INT"]
[Date "2017.02.11"]
[Round "5"]
[White "Khachiyan,M"]
[Black "Svane,R"]
[Result "0-1"]
[WhiteElo "2530"]
[BlackElo "2560"]

1.e4 c6 2.d4 d5 3.Nc3 dxe4 4.Nxe4 Bf5 5.Ng3 Bg6 6.h4 h6 7.Nf3 e6 8.h5 Bh7
9.Bd3 Bxd3 10.Qxd3 Nf6 11.Bd2 Be7 12.O-O-O c5 13.Be3 cxd4 14.Nxd4 O-O 15.Kb1
Nbd7 16.Ne4 Qc7 17.g4 Nxe4 18.Qxe4 Nf6 19.Qg2 Nd5 20.Bc1 Qb6 21.Rh3 Rac8 22.g5
hxg5 23.Bxg5 Bxg5 24.Qxg5 Rc5 25.Qd2 Rfc8 26.h6 Rc3 27.Qg5 g6 28.Qe5 f6 29.Qe4
Kh7 30.Rg1 f5 31.Qe5 Qc7 32.Qxc7+ R3xc7 33.Nxe6 Re7 34.Ng5+ Kh8 35.Rd3 Nf4
36.Rd2 Rce8 37.Rgd1 Ne6 38.Nxe6 Rxe6 39.Rd7 R8e7 40.b3 Kh7 41.R7d2 Kxh6 42.c4
g5 43.Kc2 Kg6 44.Kc3 f4 45.c5 Re2 46.b4 Rxd2 47.Rxd2 Kf5 48.Kc4 g4 49.b5 g3
50.fxg3 fxg3 51.c6 bxc6 52.bxc6 Rg7 53.Rg2 Kf4 54.Kd5 Kf3 55.Rg1 Kf2 56.Rc1 g2
57.Rc2+ Kf3 58.Rxg2 Rxg2 59.c7 Rc2 60.Kd6 Ke4 61.Kd7 Kd4 62.a4 a5 63.c8=Q Rxc8
64.Kxc8 Kc5 65.Kd7 Kb4 {#R} 0-1

[Event "PRO League Group Stage"]
[Site "masterchessopen.com chess.com INT"]
[Date "2017.02.11"]
[Round "5"]
[White "Tadic,Br"]
[Black "Breckenridge,S"]
[Result "1-0"]
[WhiteElo "2472"]
[BlackElo "2239"]

1.Nf3 Nf6 2.c4 g6 3.g3 Bg7 4.Bg2 O-O 5.O-O d6 6.d4 Nc6 7.d5 Ne5 8.Nxe5 dxe5
9.Nc3 Ne8 10.Qb3 Rb8 11.Rd1 b6 12.Nb5 a6 13.Na7 Bb7 14.Be3 Nd6 15.Nc6 Bxc6
16.dxc6 Qe8 17.Rac1 e4 18.Qa4 Bxb2 19.Rb1 Bg7 20.c5 bxc5 21.Bxc5 f5 22.e3 Ra8
23.Rb3 Nb5 24.Qc4+ Qf7 25.Bf1 Rfd8 26.Rd7 Rxd7 27.cxd7 Rd8 28.Qa4 c6 29.Qxa6
Qd5 30.Bxe7 Rxd7 31.Qc8+ Kf7 32.Bc4 Qxc4 33.Qxd7 Qe6 34.Qxe6+ Kxe6 35.Bb4 Kd5
36.a4 Nc7 37.Bd2 Be5 38.a5 c5 39.Kf1 c4 40.Rb7 Kc6 41.Rb6+ Kd5 42.a6 c3
43.Bxc3 Bxc3 44.a7 Be5 45.Rb7 Na8 46.Rb8 Kc6 47.Rxa8 Kb7 48.Re8 {#r} 1-0

[Event "PRO League Group Stage"]
[Site "masterchessopen.com chess.com INT"]
[Date "2017.02.11"]
[Round "5"]
[White "Tadic,Br"]
[Black "Tarjan,J"]
[Result "1-0"]
[WhiteElo "2472"]
[BlackElo "2406"]

1.Nf3 Nf6 2.c4 e6 3.g3 b6 4.Bg2 Bb7 5.O-O Be7 6.d4 O-O 7.Re1 Na6 8.Ne5 Bxg2
9.Kxg2 Qb8 10.e4 c5 11.Bf4 Bd6 12.Nc3 cxd4 13.Qxd4 Bc5 14.Qd1 Qb7 15.Bg5 Rad8
16.Bxf6 gxf6 17.Ng4 f5 18.Nf6+ Kg7 19.Ncd5 exd5 20.Qh5 h6 21.Qxf5 Rfe8 22.Qh7+
{#r} 1-0

[Event "PRO League Group Stage"]
[Site "masterchessopen.com chess.com INT"]
[Date "2017.02.11"]
[Round "5"]
[White "So,W"]
[Black "Gozzoli,Y"]
[Result "1-0"]
[WhiteElo "2808"]
[BlackElo "2583"]

1.e4 e5 2.Nf3 Nc6 3.Bb5 a6 4.Ba4 Nf6 5.O-O Be7 6.d3 b5 7.Bb3 d6 8.a4 b4 9.a5
O-O 10.Nbd2 Rb8 11.Re1 Be6 12.Bxe6 fxe6 13.Nb3 Qe8 14.d4 exd4 15.Nbxd4 Nxd4
16.Nxd4 Qd7 17.Qe2 c5 18.Nf3 e5 19.Bg5 Qb5 20.Nd2 Qxe2 21.Rxe2 Kf7 22.Nc4 Ne8
23.Bxe7 Kxe7 24.Rd1 Rf6 25.Red2 g6 26.g3 Rb5 27.Kf1 Re6 28.Ke2 Rf6 29.h4 Re6
30.Ke3 h5 31.f3 Rb8 32.f4 exf4+ 33.gxf4 Rb5 34.Kf3 Rb8 35.e5 Rd8 36.Rd5 Rd7
37.Rg1 dxe5 38.Rxd7+ Kxd7 39.Nxe5+ Kc7 40.Nxg6 Nd6 41.Ne5 Nf5 42.Ke4 Rf6
43.Rg5 Nd4 44.Rxh5 Nxc2 45.Rh7+ Kd8 46.h5 Nd4 47.h6 Ne6 48.Nc6+ Ke8 49.Ke5
{#r} 1-0

[Event "PRO League Group Stage"]
[Site "masterchessopen.com chess.com INT"]
[Date "2017.02.11"]
[Round "5"]
[White "Laylo,D"]
[Black "Sachdev,T"]
[Result "1-0"]
[WhiteElo "2445"]
[BlackElo "2429"]

1.d4 Nf6 2.c4 e6 3.Nf3 b6 4.a3 Bb7 5.Nc3 d5 6.Bg5 Be7 7.Qa4+ Qd7 8.Qc2 O-O
9.cxd5 exd5 10.e3 Ne4 11.Ne5 Qe6 12.Nxe4 dxe4 13.Qxc7 Nc6 14.Qxb7 Nxd4 15.exd4
Bxg5 16.Bc4 Qf5 17.O-O Rad8 18.Nxf7 Rxf7 19.Bxf7+ Qxf7 20.Qxe4 Qb3 21.Rfe1 h6
22.Qe6+ Qxe6 23.Rxe6 Rxd4 24.Rae1 Rd2 25.R6e2 Rd3 26.g3 Rb3 27.Rd1 Bf6 28.Rdd2
a5 29.Re3 Rxb2 30.Rxb2 Bxb2 31.a4 Bd4 32.Re4 Bc5 33.Kf1 Kf7 34.Ke2 Kf6 35.f4
h5 36.h3 g6 37.g4 hxg4 38.hxg4 Kf7 39.Kd3 Kf6 40.Kc4 Bf2 41.Kd5 Bc5 42.Re6+
Kf7 43.g5 Bf2 44.Rf6+ Kg7 45.Ke6 Bd4 46.Rf7+ Kg8 47.Rd7 Bb2 48.Rd6 Bc1 49.Kf6
Bxf4 50.Rd8+ Kh7 51.Rd7+ {#r} 1-0

[Event "PRO League Group Stage"]
[Site "masterchessopen.com chess.com INT"]
[Date "2017.02.11"]
[Round "5"]
[White "Laylo,D"]
[Black "Vaibhav,S"]
[Result "1-0"]
[WhiteElo "2445"]
[BlackElo "2552"]

1.d4 Nf6 2.c4 e6 3.Nf3 b6 4.a3 Bb7 5.Nc3 Be7 6.Bg5 O-O 7.Bxf6 Bxf6 8.e4 c5
9.d5 d6 10.Be2 Qe7 11.O-O Nd7 12.Qd2 Rad8 13.Rad1 Ne5 14.Nxe5 Bxe5 15.Bd3 Bc8
16.f4 Bd4+ 17.Kh1 g6 18.Ne2 Bg7 19.Ng3 a6 20.Rde1 exd5 21.exd5 Qf6 22.b4 Qc3
23.Qxc3 Bxc3 24.Rb1 Rfe8 25.Ne2 Bg7 26.bxc5 bxc5 27.h3 Re3 28.Rfd1 Bf5 29.Bxf5
gxf5 30.Rd2 Rde8 31.Ng1 Bh6 32.Rf2 R8e4 33.Rbf1 Rxc4 34.g4 Rxa3 35.gxf5 Kg7
36.Kg2 Rcc3 37.Rb2 Rg3+ 38.Kh2 Rgb3 39.Rxb3 Rxb3 40.Kg2 Kf6 41.Ne2 Kxf5
42.Ng3+ Kf6 43.Ne4+ Ke7 44.Re1 Bxf4 45.Nxc5+ Re3 46.Rxe3+ Bxe3 47.Nxa6 Kf6
48.Kf3 Bb6 49.Kf4 Ba5 50.Nb8 Bd2+ 51.Ke4 Kg5 52.Nc6 f5+ 53.Kf3 Kh4 54.Ne7 Kg5
55.Nc8 Bb4 56.Nb6 Bc5 57.Nd7 Bd4 58.Nf8 Bg7 59.Nd7 Be5 60.Nf8 h6 61.Nd7 Bd4
62.Nb8 Kf6 63.Nd7+ Kg5 64.Nb8 Be5 65.Nd7 Bc3 66.Nf8 Kf6 67.Nd7+ Kg6 68.Nf8+
Kf7 69.Nd7 Ke7 70.Nb8 Be5 71.Ke3 Kd8 72.Kf3 Kc7 73.Nc6 Kd7 74.Nb8+ Ke8 75.Ke3
h5 76.Kf3 Kd8 77.Ke3 Kc7 78.Nc6 Kb6 79.Ne7 Kc5 80.Kd3 f4 81.Ke4 Kc4 82.Nf5 Kc5
83.Ne7 Kb4 84.Ng6 Kc5 85.Ne7 Bf6 86.Ng6 Bg5 87.Nf8 Bh6 88.Ne6+ Kc4 89.Nc7 h4
90.Ne8 Kc5 91.Nf6 f3 92.Kxf3 Bg7 93.Ne8 Be5 94.Ke4 Kb6 95.Kf5 Kc5 96.Ke6 Kd4
97.Nxd6 Bh2 98.Nf5+ Ke4 99.Nxh4 Kf4 100.d6 {#r} 1-0

[Event "PRO League Group Stage"]
[Site "masterchessopen.com chess.com INT"]
[Date "2017.02.11"]
[Round "5"]
[White "Borisek,J"]
[Black "Williams,Justus D"]
[Result "1-0"]
[WhiteElo "2565"]
[BlackElo "2333"]

1.e4 c5 2.Nf3 g6 3.c3 Bg7 4.d4 cxd4 5.cxd4 d5 6.e5 Nc6 7.h3 Bf5 8.Nc3 Be4
9.Ng5 Qa5 10.Bd2 Qb6 11.Ncxe4 dxe4 12.Bc3 Rd8 13.Qa4 e3 14.fxe3 Bxe5 15.Bc4
Nh6 16.O-O O-O 17.Rf3 Bf6 18.Ne4 Bg7 19.Raf1 e6 20.g4 Qc7 21.Bb3 a6 22.Kg2 b5
23.Qxa6 Rb8 24.Be1 Rb6 25.Ba5 Nxa5 26.Qxa5 Qc6 27.Nc5 Rd8 28.Bc2 Ra8 29.Qc3
Rxa2 30.Be4 Qe8 31.Qb3 Ra7 32.Nd3 Kh8 33.R3f2 f5 34.Bf3 Nf7 35.Rc1 Ng5 36.Rfc2
Rb8 37.Bc6 Qf7 38.Nf4 Re7 39.h4 Ne4 40.Bxe4 fxe4 41.Rf1 Qe8 42.Nh3 Bh6 43.Rcf2
Rd7 44.g5 Bg7 45.Nf4 e5 46.Ne6 exd4 47.exd4 e3 48.Qxe3 Rxd4 49.Rf8+ Qxf8
50.Rxf8+ Rxf8 51.Nxd4 Rd8 52.Ne6 Re8 53.b3 Kg8 54.Qb6 Kf7 55.Nxg7 Kxg7 56.Qxb5
Kf7 57.Kf3 Re7 58.Qd5+ Kg7 59.b4 {#r} 1-0

[Event "PRO League Group Stage"]
[Site "masterchessopen.com chess.com INT"]
[Date "2017.02.11"]
[Round "5"]
[White "Borisek,J"]
[Black "Nyzhnyk,I"]
[Result "0-1"]
[WhiteElo "2565"]
[BlackElo "2616"]

1.e4 e6 2.d4 d5 3.Nd2 c5 4.exd5 exd5 5.Ngf3 a6 6.dxc5 Bxc5 7.Bd3 Nc6 8.O-O h6
9.Re1+ Nge7 10.Nb3 Bb6 11.c3 O-O 12.Bc2 Bg4 13.Be3 Bc7 14.h3 Bh5 15.Qd3 Bg6
16.Qd2 Be4 17.Qe2 Nf5 18.Bc5 Re8 19.Rad1 Qf6 20.Bxe4 dxe4 21.Nh2 Nh4 22.Nf1
Ne5 23.Kh1 Nd3 24.Qg4 h5 25.Qxh5 Re5 26.Bd4 Rxh5 27.Bxf6 gxf6 28.Re2 f5 29.g3
Ng6 30.h4 Kh7 31.Nd4 Rg8 {#R} 0-1

[Event "PRO League Group Stage"]
[Site "masterchessopen.com chess.com INT"]
[Date "2017.02.11"]
[Round "5"]
[White "Pavasovic,D"]
[Black "Durarbayli,V"]
[Result "0-1"]
[WhiteElo "2548"]
[BlackElo "2616"]

1.e4 c5 2.c3 d5 3.exd5 Qxd5 4.d4 Nf6 5.Nf3 e6 6.Bd3 Be7 7.O-O O-O 8.Be3 Rd8
9.Qe2 cxd4 10.cxd4 Nc6 11.Nc3 Qh5 12.a3 b6 13.Rad1 Bb7 14.h3 Na5 15.Ne5 Qxe2
16.Bxe2 Rac8 17.Rc1 Nb3 18.Rcd1 Nd5 19.Nxd5 Bxd5 20.Bd3 a5 21.Rfe1 Bf6 22.Ng4
Bxd4 23.Bxd4 Nxd4 24.Bxh7+ Kxh7 25.Rxd4 Bb3 26.Rxd8 Rxd8 27.Re2 Bd1 28.Re5 Rd6
29.Kf1 f6 30.Re1 Bb3 31.Ne3 Rd2 32.Re2 Rd4 33.Re1 f5 34.g3 g5 35.Rc1 Rd2
36.Nc4 Bxc4+ 37.Rxc4 Rxb2 38.Rc6 e5 39.Re6 e4 40.Rf6 Rb5 41.a4 Kg7 42.Re6 Rb4
43.Ke2 Kf7 44.Rc6 f4 45.gxf4 gxf4 46.h4 Rxa4 47.Rxb6 Ra2+ 48.Ke1 f3 49.h5 a4
50.h6 a3 51.h7 Kg7 52.Rb7+ Kh8 53.Ra7 Re2+ 54.Kf1 a2 55.Ra8+ Kxh7 56.Ra7+ Kg6
57.Ra6+ Kf5 58.Ra8 Rb2 {#R} 0-1

[Event "PRO League Group Stage"]
[Site "masterchessopen.com chess.com INT"]
[Date "2017.02.11"]
[Round "5"]
[White "Oussedik,E"]
[Black "Tari,A"]
[Result "1-0"]
[WhiteElo "2155"]
[BlackElo "2584"]

1.d4 Nf6 2.c4 g6 3.Nc3 d5 4.cxd5 Nxd5 5.e4 Nxc3 6.bxc3 Bg7 7.Be3 c5 8.Qd2 O-O
9.Nf3 Qa5 10.Rc1 Rd8 11.d5 e6 12.Bg5 f6 13.Bf4 Nc6 14.Be2 Ne7 15.c4 Qxd2+
16.Nxd2 b6 17.O-O Bd7 18.Rfe1 Re8 19.Rb1 f5 20.Bf3 e5 21.Bg5 Nc8 22.exf5 gxf5
23.Bh5 Rf8 24.d6 h6 25.Be7 Nxe7 26.dxe7 Rfc8 27.Nf3 e4 28.Rbd1 Ba4 29.Nh4 Bxd1
30.Rxd1 f4 31.Nf5 e3 32.Kf1 Bd4 33.Nxd4 cxd4 34.Rxd4 Re8 35.Bxe8 Rxe8 36.Re4
f3 37.Rxe3 fxg2+ 38.Kxg2 Kf7 39.Kh3 Kg6 40.Kg4 h5+ 41.Kf4 {#r} 1-0

[Event "PRO League Group Stage"]
[Site "masterchessopen.com chess.com INT"]
[Date "2017.02.11"]
[Round "5"]
[White "Nagle,S"]
[Black "Debashis,D"]
[Result "0-1"]
[WhiteElo "2423"]
[BlackElo "2472"]

1.Nf3 Nf6 2.c4 e6 3.g3 d5 4.d4 Be7 5.Bg2 O-O 6.O-O dxc4 7.Qc2 a6 8.a4 Bd7
9.Qxc4 Bc6 10.Bf4 Bd6 11.Qc1 Nbd7 12.Nc3 b5 13.Ne5 Bxg2 14.Kxg2 Qb8 15.f3 Qb6
16.Rd1 Rfd8 17.Nxd7 Nxd7 18.Ne4 Bxf4 19.Qxf4 bxa4 20.Rd2 Qc6 21.Ra3 Nb6 22.Rc3
Qe8 23.Qg5 Nd5 24.Rc5 h6 25.Qh4 Rab8 26.Nc3 Ne3+ 27.Kf2 Nf5 28.Qf4 Rb4 29.e3
Nd6 30.Rc2 Rdb8 31.Nd1 a3 32.bxa3 Rb1 33.Rxc7 Nb5 34.Re7 Qxe7 35.Qxb8+ Kh7
36.Qa8 Rxd1 37.Qxa6 Nd6 {#R} 0-1

[Event "PRO League Group Stage"]
[Site "masterchessopen.com chess.com INT"]
[Date "2017.02.11"]
[Round "5"]
[White "Nagle,S"]
[Black "Sethuraman,S"]
[Result "0-1"]
[WhiteElo "2423"]
[BlackElo "2623"]

1.Nf3 d5 2.d4 Nf6 3.c4 e6 4.g3 dxc4 5.Bg2 a6 6.O-O Nc6 7.e3 Bd7 8.Qe2 Bd6
9.Qxc4 O-O 10.Rd1 Qe7 11.Nbd2 Nb4 12.Qe2 Bb5 13.Nc4 a5 14.a3 Nc6 15.Qc2 Rfd8
16.Bd2 Qe8 17.Rac1 h6 18.Be1 a4 19.Bf1 Bxc4 20.Qxc4 Na5 21.Qb5 Nb3 22.Qxe8+
Rxe8 23.Rc2 c6 24.Bc4 Na5 25.Ba2 Bf8 26.Ne5 Red8 27.Nd3 Ne4 28.f3 Nd6 29.Nc5
Nf5 30.Kf2 Bxc5 31.Rxc5 b6 32.Rcc1 Rdc8 33.g4 Ne7 34.e4 Nb7 35.Ke3 Kf8 36.Rc2
Ke8 37.Rdc1 Kd7 38.h4 Nd6 39.h5 f6 40.Bg3 Nb7 41.Rc3 Ra5 42.Bc4 Nd6 43.Be2 Nb5
44.Rc4 Nd6 45.R4c2 Raa8 46.Bd1 Rc7 47.Rc3 Rcc8 48.Be2 Rc7 49.Bd1 Rcc8 50.Bxd6
Kxd6 51.Rc4 b5 52.Rc5 Rab8 53.f4 Re8 54.Kd3 Kd7 55.Bf3 Red8 56.Kc3 Ke8 57.g5
fxg5 58.fxg5 Kd7 59.gxh6 gxh6 60.d5 cxd5 61.exd5 exd5 62.Kd4 Kd6 63.Bxd5 Rf8
64.Bg2 Rf2 65.Bh3 Rd2+ 66.Ke3 Rxb2 67.R5c3 Nd5+ 68.Kd4 Nxc3 69.Rxc3 Rb3 {#R}
0-1

[Event "PRO League Group Stage"]
[Site "masterchessopen.com chess.com INT"]
[Date "2017.02.11"]
[Round "5"]
[White "Oberholzer,Francois"]
[Black "Zierk,S"]
[Result "1-0"]
[WhiteElo "2034"]
[BlackElo "2493"]

1.e4 e6 2.d4 d5 3.Nc3 Bb4 4.Bd3 dxe4 5.Bxe4 Nf6 6.Bf3 O-O 7.Ne2 c5 8.a3 Bxc3+
9.bxc3 Nc6 10.O-O h6 11.a4 cxd4 12.cxd4 Qc7 13.Bf4 e5 14.Bg3 Bg4 15.Bxc6 Qxc6
16.Bxe5 Qc4 17.f3 Bf5 18.Bxf6 Bxc2 19.Qd2 gxf6 20.Rac1 Rac8 21.Ng3 Rfd8 22.Nf5
Bxf5 23.Rxc4 Rxc4 24.Qa5 {#r} 1-0

[Event "PRO League Group Stage"]
[Site "masterchessopen.com chess.com INT"]
[Date "2017.02.11"]
[Round "5"]
[White "Oberholzer,Francois"]
[Black "Bhat,V"]
[Result "0-1"]
[WhiteElo "2034"]
[BlackElo "2519"]

1.e4 e6 2.d4 d5 3.Nc3 Nc6 4.Nf3 Nf6 5.e5 Ne4 6.Bd3 Bb4 7.Bd2 Nxd2 8.Qxd2 Bd7
9.O-O O-O 10.a3 Be7 11.Ne2 f6 12.c4 fxe5 13.Nxe5 Nxe5 14.dxe5 c5 15.f4 Bc6
16.f5 dxc4 17.f6 gxf6 18.Nf4 fxe5 19.Bxh7+ Kxh7 20.Qc2+ e4 21.Nxe6 Qd3
22.Nxf8+ Rxf8 23.Qc1 Qd4+ 24.Kh1 Rf2 25.Rxf2 Qxf2 26.Qxc4 e3 27.Qg4 e2 28.Qh5+
Kg7 29.Qg4+ Kf8 30.Qc8+ Kf7 {#R} 0-1

[Event "PRO League Group Stage"]
[Site "masterchessopen.com chess.com INT"]
[Date "2017.02.11"]
[Round "5"]
[White "Paragua,M"]
[Black "Salem,AR"]
[Result "0-1"]
[WhiteElo "2492"]
[BlackElo "2656"]

1.d4 Nf6 2.Bg5 Ne4 3.Bf4 c5 4.d5 d6 5.f3 Qa5+ 6.Nd2 Nf6 7.e4 e6 8.c3 exd5
9.exd5 Be7 10.Ne2 Nh5 11.Be3 O-O 12.g4 Bh4+ 13.Bf2 Bxf2+ 14.Kxf2 Nf6 15.Nf4
Nbd7 16.Nc4 Qd8 17.a4 Ne5 18.Be2 Re8 19.Ne3 Nfxg4+ 20.Nxg4 Nxg4+ 21.fxg4 Qf6
22.Kg3 Re3+ 23.Bf3 Qe5 24.h4 h6 25.Qc2 Bd7 26.Rag1 Re8 27.Qh2 h5 28.gxh5 Rxf3+
29.Kxf3 Qe3+ 30.Kg2 Qd2+ {#R} 0-1

[Event "PRO League Group Stage"]
[Site "masterchessopen.com chess.com INT"]
[Date "2017.02.11"]
[Round "5"]
[White "Paragua,M"]
[Black "Aradhya,Garg"]
[Result "0-1"]
[WhiteElo "2492"]
[BlackElo "2230"]

1.d4 d5 2.Bg5 h6 3.Bh4 c5 4.dxc5 g5 5.Bg3 Bg7 6.c3 Na6 7.e4 dxe4 8.Qxd8+ Kxd8
9.Bxa6 bxa6 10.Na3 f5 11.O-O-O+ Ke8 12.Bc7 Bd7 13.Nc4 Be6 14.Be5 Bxc4 15.Bxg7
Rh7 16.Be5 Rc8 17.b4 Bxa2 18.h4 g4 19.Ne2 Nf6 20.Bxf6 exf6 21.Rd6 Bc4 22.Ng3
a5 23.Nxf5 axb4 24.Rd4 Rxc5 25.Nd6+ Kf8 26.Rxc4 Rxc4 27.Nxc4 Rc7 28.Ne3 Rxc3+
29.Kb2 g3 30.Nd5 Rd3 31.Nxf6 Rd2+ 32.Kb3 Rxf2 33.Nxe4 Rxg2 34.Rf1+ Kg7 35.Rf3
Rh2 36.Nxg3 Kg6 37.Rf4 Rh3 38.Rg4+ Kf6 39.Kxb4 Ke5 40.Kc4 a5 41.Re4+ Kf6
42.Rf4+ Ke5 43.Re4+ Kf6 44.Nh5+ Kf5 45.Kd4 a4 46.Ng7+ Kg6 47.Ne6 Kf5 48.Ng7+
Kg6 49.Rg4+ Kf7 50.Nf5 a3 51.Rg2 Kf6 52.Ke4 Rb3 53.Nd4 Rb2 54.Rg8 a2 55.Ra8
Rh2 56.Nf3 Rb2 57.Ra6+ Kg7 58.Kf5 Rf2 59.Kf4 Rb2 60.h5 Rb5 61.Ne5 Rb2 62.Kf5
Rf2+ 63.Ke6 Rf6+ {#R} 0-1

[Event "PRO League Group Stage"]
[Site "masterchessopen.com chess.com INT"]
[Date "2017.02.11"]
[Round "5"]
[White "Thorfinnsson,Bj"]
[Black "Perez Ponsa,F"]
[Result "0-1"]
[WhiteElo "2404"]
[BlackElo "2583"]

1.c4 e6 2.g3 d5 3.Bg2 dxc4 4.Nf3 Nd7 5.O-O Ngf6 6.Qc2 Nb6 7.b3 cxb3 8.axb3 Be7
9.Bb2 c5 10.Nc3 O-O 11.Rfd1 Nbd5 12.d4 cxd4 13.Nxd4 Bd7 14.e4 Nxc3 15.Qxc3 Rc8
16.Qd3 Qb6 17.e5 Ng4 18.Qe2 Nh6 19.Be4 Rfd8 20.Qd3 g6 21.Qe3 Bf8 22.Qf3 Bg7
23.Bxb7 Rc7 24.Bc6 Bxc6 25.Nxe6 Rxd1+ 26.Rxd1 Rc8 {#R} 0-1

[Event "PRO League Group Stage"]
[Site "masterchessopen.com chess.com INT"]
[Date "2017.02.11"]
[Round "5"]
[White "Thorfinnsson,Bj"]
[Black "Tristan,L"]
[Result "1-0"]
[WhiteElo "2404"]
[BlackElo "2458"]

1.d4 d6 2.Nf3 f5 3.g3 Nf6 4.Bg2 g6 5.O-O Bg7 6.Nbd2 O-O 7.Re1 Nc6 8.e4 fxe4
9.Nxe4 Nxe4 10.Rxe4 Bf5 11.Re1 Bg4 12.c3 Qd7 13.Qb3+ Kh8 14.Ng5 h6 15.Nf7+ Kh7
16.Qxb7 Rab8 17.Qxc6 Qxc6 18.Bxc6 Rxf7 19.Bd5 e6 20.Bb3 a5 21.f4 Bf5 22.Kf2 d5
23.Bd1 g5 24.Bf3 gxf4 25.g4 Bd3 26.Rxe6 Bf6 27.Bxd5 Bh4+ 28.Kf3 Rff8 29.Be4+
Bxe4+ 30.Rxe4 Bg5 31.b3 a4 32.b4 Rb6 33.Bd2 Rc6 34.Rh1 a3 35.h4 Bd8 36.Rxf4
Re8 37.g5 h5 38.Re4 Rf8+ 39.Ke2 Kg6 40.Rf1 Rxf1 41.Kxf1 Kf5 42.Rf4+ Kg6 43.Ke2
Re6+ 44.Kd3 c6 45.Re4 Rd6 46.c4 Rd7 47.Re6+ Kf5 48.Rxc6 Kg4 49.Rc8 Kxh4 50.c5
Bxg5 51.Bxg5+ Kxg5 52.c6 Rh7 53.c7 Kh4 54.b5 {#r} 1-0

[Event "PRO League Group Stage"]
[Site "masterchessopen.com chess.com INT"]
[Date "2017.02.11"]
[Round "5"]
[White "Agrest,I"]
[Black "Moon,Benjamin"]
[Result "0-1"]
[WhiteElo "2273"]
[BlackElo "2265"]

1.e4 c5 2.Nf3 g6 3.d4 cxd4 4.Nxd4 Nc6 5.Nc3 Bg7 6.Be3 Nf6 7.Bc4 O-O 8.Bb3 Re8
9.h3 d6 10.Qd2 Na5 11.O-O b6 12.Rfe1 Nxb3 13.axb3 Bb7 14.Bh6 Bh8 15.b4 a6
16.b5 axb5 17.Rxa8 Qxa8 18.Ndxb5 Rc8 19.Qd3 Qa5 20.Bd2 Qa8 21.Bh6 Nd7 22.Qe3
Qa5 23.Nd4 Ne5 24.Nb3 Qb4 25.Na2 Qb5 26.Nc3 Qb4 27.Na2 Qb5 28.Nc3 Qd7 29.Qxb6
Nc4 30.Qb5 Qxb5 31.Nxb5 Nxb2 32.N5d4 Na4 33.f3 Rc4 34.Be3 Nc3 35.Kf2 Bf6 36.g3
h5 37.h4 Kg7 38.Na5 Rxd4 39.Nxb7 Rb4 40.Na5 Rb2 41.Rc1 Na2 42.Rd1 Rxc2+ 43.Rd2
Nb4 44.Nb3 Rc3 45.Nd4 Nd3+ 46.Ke2 Nc1+ 47.Kd1 Rxe3 48.Kxc1 Bxd4 49.Rxd4 Rxf3
50.Kd2 Rxg3 51.Ra4 Rg4 52.Ke3 Rxh4 53.Ra7 Kf6 54.Kf3 Rh3+ 55.Kf4 g5# 0-1

[Event "PRO League Group Stage"]
[Site "masterchessopen.com chess.com INT"]
[Date "2017.02.11"]
[Round "5"]
[White "Kjartansson,G"]
[Black "Della Morte,G"]
[Result "0-1"]
[WhiteElo "2468"]
[BlackElo "2375"]

1.Nf3 Nf6 2.c4 c6 3.e3 d5 4.d4 Bg4 5.h3 Bh5 6.Nc3 e6 7.Qb3 Qb6 8.Be2 Nbd7
9.Bd2 Be7 10.O-O O-O 11.Rfd1 Rfe8 12.Rac1 Rad8 13.Be1 Ne4 14.Qc2 f5 15.b3 Bf6
16.Nh2 Bg6 17.Nf1 Nf8 18.f3 Ng5 19.Bd3 f4 20.exf4 Qxd4+ 21.Kh1 Qxf4 22.Bg3
Bxd3 23.Qxd3 Qf5 24.Qxf5 exf5 25.cxd5 Bxc3 26.Rxc3 Rxd5 27.Rxd5 cxd5 28.Rc5 d4
29.Rxf5 Nge6 30.Rd5 Rd8 31.Rxd8 Nxd8 32.Kg1 Kf7 33.Kf2 Ke6 34.Ke2 Nc6 35.Kd3
Nd7 36.Kc4 Nb6+ 37.Kc5 Nd7+ 38.Kc4 Nb6+ 39.Kc5 Nd5 40.Bf2 Nf4 41.Bxd4 Nxd4
42.Kxd4 Nxg2 43.Ke4 Nh4 44.Ne3 g6 45.b4 b6 46.a4 g5 47.b5 Ng6 48.Nc4 Ne7 49.a5
Nd5 50.a6 Nc3+ 51.Kd3 Nxb5 52.Ke4 Nc7 53.Na3 Nxa6 54.Nb5 Nc5+ 55.Kd4 a5
56.Nc7+ Kd7 57.Nd5 Kc6 58.Nf6 h6 59.Ng8 a4 60.Nxh6 a3 61.Kc3 b5 62.Nf5 Kd5
63.Ne3+ Ke5 64.Kb4 a2 65.Nc2 Nd3+ 66.Kb3 Ne1 67.Na1 Nxf3 68.Kxa2 Ng1 69.Nc2
Nxh3 70.Ne3 Ke4 71.Ng4 Kf5 72.Nh6+ Kg6 73.Ng4 Kh5 74.Ne5 Kh4 75.Kb3 Kg3 76.Kb4
Kf4 77.Nd3+ Ke4 78.Nf2+ Nxf2 79.Kxb5 g4 {#R} 0-1

[Event "PRO League Group Stage"]
[Site "masterchessopen.com chess.com INT"]
[Date "2017.02.11"]
[Round "5"]
[White "Kjartansson,G"]
[Black "Pichot,A"]
[Result "1-0"]
[WhiteElo "2468"]
[BlackElo "2548"]

1.Nf3 Nf6 2.c4 g6 3.Nc3 Bg7 4.g3 O-O 5.Bg2 d6 6.d4 Nc6 7.O-O e5 8.d5 Nb8 9.e4
a5 10.Ne1 Na6 11.Nd3 Nd7 12.Be3 f5 13.Qd2 Nac5 14.Nxc5 Nxc5 15.Bxc5 dxc5
16.Bh3 Qe7 17.Rad1 Ra6 18.f3 h5 19.Kg2 Raf6 20.Kg1 Kh7 21.Qd3 Bh6 22.exf5 gxf5
23.Rde1 Rg6 24.Kh1 Bg7 25.g4 Qh4 26.gxf5 Rgf6 27.Ne4 Bh6 28.Nxf6+ Rxf6 29.f4
Bxf4 30.Re2 Bd7 31.Rg2 Be8 32.Rfg1 Bf7 33.Rg7+ Kh6 34.Qf3 b5 35.Qg2 Be3
36.Rh7+ Kxh7 37.Qg7# 1-0

[Event "PRO League Group Stage"]
[Site "masterchessopen.com chess.com INT"]
[Date "2017.02.11"]
[Round "5"]
[White "Dreev,A"]
[Black "Carlstedt,J"]
[Result "1-0"]
[WhiteElo "2651"]
[BlackElo "2413"]

1.d4 Nf6 2.Nf3 e6 3.c4 c5 4.d5 exd5 5.cxd5 d6 6.Nc3 g6 7.Nd2 Nbd7 8.e4 Bg7
9.Be2 O-O 10.O-O Re8 11.a4 Rb8 12.a5 a6 13.Qc2 h6 14.Nc4 Ne5 15.Nb6 g5 16.Nxc8
Rxc8 17.f4 gxf4 18.Bxf4 Ng6 19.Bg3 Qe7 20.Bf3 Nd7 21.Bg4 Rc7 22.Kh1 Be5 23.Ne2
Qg5 24.Bxd7 Rxd7 25.Rf5 Qe7 26.Raf1 Qf8 27.Bxe5 Rxe5 28.Ng3 Rde7 29.Rf6 Qd8
30.Qf2 Rg5 31.Nf5 Ne5 32.Rxd6 Rd7 33.Nxh6+ Kh7 34.Rxd7 Qxd7 35.Nxf7 {#r} 1-0

[Event "PRO League Group Stage"]
[Site "masterchessopen.com chess.com INT"]
[Date "2017.02.11"]
[Round "5"]
[White "Dreev,A"]
[Black "Burg,T"]
[Result "1-0"]
[WhiteElo "2651"]
[BlackElo "2508"]

1.d4 Nf6 2.Nf3 g6 3.g3 Bg7 4.Bg2 O-O 5.O-O d5 6.c4 c6 7.Qb3 a5 8.Nc3 a4 9.Qb4
dxc4 10.Qxc4 Bf5 11.e3 b5 12.Qe2 b4 13.Nb1 c5 14.Nbd2 Nc6 15.Qb5 Rc8 16.Qxa4
cxd4 17.exd4 Nxd4 18.Nxd4 Qxd4 19.Nb3 Qc4 20.Na5 Qe2 21.Qxb4 Rc2 22.Nc6 Be4
23.Nd4 Rc4 24.Nxe2 Rxb4 25.Nc3 Bxg2 26.Kxg2 Ne4 27.Nxe4 Rxe4 28.a4 Ra8 29.a5
Re5 30.a6 Rb5 31.Be3 Bxb2 32.Ra2 Bc3 33.Rc1 Ba5 34.a7 Bb6 35.Bxb6 Rxb6 36.Rc7
Kf8 37.Re2 Re6 38.Rxe6 fxe6 39.Kf3 Kf7 40.Ke4 Kf6 41.f4 h6 42.h4 g5 43.fxg5+
hxg5 44.hxg5+ Kf7 45.Rb7 Kg6 46.Ke5 Kxg5 47.Kxe6 Kg4 48.Kxe7 Rh8 49.Rb4+ Kxg3
50.Ra4 Rh7+ 51.Kf6 Rh6+ 52.Kg5 {#r} 1-0

[Event "PRO League Group Stage"]
[Site "masterchessopen.com chess.com INT"]
[Date "2017.02.11"]
[Round "5"]
[White "Dudukin,Ilya"]
[Black "Zaremba,An"]
[Result "1-0"]
[WhiteElo "2396"]
[BlackElo "2348"]

1.Nf3 c5 2.c4 Nc6 3.d4 cxd4 4.Nxd4 g6 5.e4 Bg7 6.Be3 Nf6 7.Nc3 O-O 8.Be2 d6
9.O-O Ne5 10.f3 Bd7 11.Rc1 a6 12.Qd2 Rc8 13.b3 Re8 14.Rc2 Nc6 15.Rb1 Nb4
16.Rcc1 Nh5 17.Bf1 Nc6 18.Nde2 f5 19.Nd5 fxe4 20.Bb6 exf3 21.gxf3 Rc7 22.Bxc7
Qc8 23.Bb6 Bf5 24.Rb2 Bxb2 25.Qxb2 Ne5 26.Nd4 Bh3 27.Bxh3 Qxh3 28.Qg2 Qd7
29.f4 Nd3 30.Rf1 e6 31.Qh3 Qf7 32.Qxd3 exd5 33.f5 Re4 34.fxg6 Qxg6+ 35.Kh1 Nf6
36.Nf5 Qh5 37.Bd4 Ng4 38.Qg3 Re2 39.Nh6+ {#r} 1-0